| 000 | 00931 a2200193 4500 | ||
|---|---|---|---|
| 003 | Nust | ||
| 005 | 20220818093432.0 | ||
| 010 | _a 90141480 | ||
| 020 | _a0078815606 : | ||
| 040 | _cNust | ||
| 082 | 0 | 0 | _a005.262,RIB |
| 100 | 1 |
_aRibar, L. John. _997909 |
|
| 245 | 1 | 0 |
_aTopSpeed C made easy / _cL. John Ribar. |
| 260 |
_aBerkeley : _bOsborne McGraw-Hill, _cc1990. |
||
| 300 |
_axxi, 248 p. : _bill. ; _c24 cm. |
||
| 505 | _aGetting acquainted with topspeed c (Page-1), An overview of c (Page-17), Basic data storage and manipulation (Page-29), Program flow control (Page-49), Data storage and manipulation ii (Page-69), Programs and functions (Page-91), In put and output (Page-105), The c predecessor header files and the ANSI C library (Page-125), Topspeed C extensions (Page-143), Case study 1: A program calculator (Page-169). | ||
| 650 | 0 |
_aC (Computer program language) _91226 |
|
| 942 |
_cREF _2ddc _k005.262,RIB |
||
| 999 |
_c175193 _d175193 |
||